[Event "150th Dundee Grandmaster Chess"]
[Site "Dundee"]
[Date "2017.07.17"]
[Round "4"]
[White "Petr, Martin"]
[Black "Arakhamia-Grant, Ketevan"]
[Result "1/2-1/2"]
[WhiteElo "2486"]
[BlackElo "2364"]
[Annotator "TA"]
[PlyCount "197"]
[EventDate "2017.??.??"]
[EventCountry "SCO"]
[SourceTitle "playchess.com"]
[Source "ChessBase"]
[SourceQuality "1"]

{[%evp 11,197,0,-10,0,3,-18,-10,-13,-3,0,24,-14,-4,-14,-12,-25,0,-5,11,1,21,-9,0,0,-3,-11,-20,-20,-17,-29,8,8,8,8,8,0,8,0,49,-18,-7,-16,-7,-10,31,29,52,0,0,0,7,0,-21,-2,0,0,0,0,50,0,0,0,0,-47,0,0,0,-44,0,0,0,-12,0,-6,0,0,0,0,0,0,0,0,0,0,0,0,0,0,0,0,0,0,0,0,2,1,25,15,25,24,43,8,17,8,12,0,0,0,0,0,8,0,0,0,0,0,0,0,0,0,7,8,33,8,42,36,79,79,79,79,79,79,79,79,79,79,79,79,79,79,79,79,79,79,79,79,79,79,79,79,79,79,79,79,79,79,79,79,79,79,79,0,79,79,79,79,79,79,79,79,79,79,79,79,79,79,79,79,79,79,79,79,79,79,79,79,79,79]} 1. e4 c5 2. Be2 Nc6 3. f4 d6 4. Nf3 Nf6 5. d3 e6 (5... g6 6. O-O Bg7 7. c3 O-O 8. Qe1 c4 9. Na3 cxd3 10. Bxd3 Nd7 11. Be3 b6 12. Rd1 a6 13. Bc4 b5 14. Bd5 Bb7 15. f5 Nf6 {½-½ (36) Bernadskiy,V (2526)-Zubarev,A (2556) Lutsk 2016}) 6. O-O {B21: Sicilian: 2 f4 and Morra Gambit} Be7 {LiveBook: 5 Games} 7. Qe1 O-O 8. Kh1 {The position is equal.} b6 $146 ({Predecessor:} 8... Rb8 9. Nc3 Nd4 10. Bd1 b5 11. Nxd4 cxd4 12. Ne2 {½-½ (37) Rendle,T (2378)-Lee,R (2147) England 2015}) 9. Be3 Bb7 10. c3 e5 11. fxe5 Ng4 12. Bg1 Ngxe5 13. Nxe5 dxe5 (13... Nxe5 {is more complex.} 14. Qd2 Ng6 15. c4 f5 16. Nc3 Bg5) 14. Na3 Bg5 15. Rd1 Qe7 16. Nc2 Rad8 17. a3 Qe6 18. b4 {[#]} (18. Be3 $5 {[%cal Re3g5]} Be7 19. Qg3 $11) 18... c4 $1 {[%mdl 512]} 19. Be3 (19. dxc4 Rxd1) 19... cxd3 20. Bxd3 Bf4 (20... Bf6 {is interesting.} 21. Qe2 Ne7 22. c4 Nc6 23. Bd2 Nd4) 21. Bxf4 exf4 22. Rxf4 Qb3 23. Rb1 Qe6 24. Bf1 Rfe8 (24... Qd6 $5 {[%cal Rd6f4]} 25. Qf2 Qd2 $11) 25. Qf2 ({Better is} 25. Bb5 $14) 25... Ne5 $11 26. Nd4 Qc8 27. Bb5 Rf8 28. Qe3 a6 29. Be2 (29. Ba4 $1 $14) 29... Ng6 30. Rf2 Rde8 31. Rbf1 Bxe4 32. Qg3 f5 {With the idea ...f4.} 33. Qh3 b5 34. Kg1 Ne7 35. Bd1 Rf6 36. Bb3+ Kh8 37. Qe3 Nd5 (37... Nc6 $5 {[%cal Re4g2]} 38. Re1 Nxd4 39. Qxd4 Qb8 $15) 38. Bxd5 $1 Bxd5 39. Qg5 {[%cal Rd4f5]} Qxc3 40. Nxf5 {[%csl Gf5][%cal Rg5g7] [#]} Rff8 41. h4 (41. Rc2 $5 {[%cal Rc2c3]} Qf6 42. Qxf6 Rxf6 43. Nd4 $11) 41... Bc4 42. Rf3 Qb2 43. R1f2 Qa1+ 44. Kh2 Qe5+ 45. Rf4 g6 (45... h6 $5 {[%cal Rh6g5]} 46. Qg3 Bd5 $11) 46. Nh6 Rxf4 47. Rxf4 Qxg5 48. hxg5 {[%mdl 4096] Endgame KRB-KRN} Kg7 49. Kh3 Re3+ 50. Rf3 Be6+ 51. Kg3 Re4 52. Rd3 Kf8 53. Rd6 Ke7 (53... a5 $5) 54. Rxa6 Re2 55. Ra7+ Kd6 56. Rxh7 Re3+ 57. Kh4 {Threatening Rg7.} Rxa3 58. Rg7 Rb3 59. Rxg6 {And now Rf6 would win.} Rxb4+ 60. g4 Rb1 61. Rg7 {Strongly threatening g6.} (61. Nf7+ $5 Kd5 62. Nd8 Rh1+ 63. Kg3 $11) 61... Rh1+ 62. Kg3 b4 63. Rb7 b3 64. Nf5+ Kc6 65. Rb8 Kc7 66. Rb4 {White wants to play g6.} Bf7 67. Nd4 (67. g6 $5 Bxg6 68. Rxb3 $14) 67... Rd1 68. Kf4 Kd6 69. Nxb3 Rf1+ 70. Ke3 {Nd4 is the strong threat.} Rb1 71. Rd4+ Ke5 72. Re4+ Kd5 {aiming for ...Re1+.} 73. Nd2 Re1+ 74. Kf3 Rxe4 75. Nxe4 $16 {KB-KN} Bg6 76. Nf6+ Ke6 77. Kg3 Kf7 78. Nh5 Bb1 79. Kh4 Bc2 80. Nf4 {Threatens to win with Kh5.} Bg6 81. Nd5 Ke6 82. Ne3 Kf7 83. Nf5 Ke6 84. Nh6 Ke5 85. Ng8 Ke6 86. Nh6 (86. Kg3 $16) 86... Ke7 (86... Ke5 $1 $11) 87. Kg3 {White is better.} Kf8 88. Nf5 Kf7 89. Nh4 Bb1 90. Nf5 Kg6 91. Kh4 Bc2 92. Ne3 Be4 93. Nc4 Kg7 94. Nd6 Bd3 95. Kg3 Kg6 96. Kf4 Bc2 97. Nc4 Bb1 98. Ne5+ Kg7 99. Kg3 {Precision: White = 62%, Black = 58%.} 1/2-1/2

[Event "150th Dundee Grandmaster Chess"]
[Site "Dundee"]
[Date "2017.07.17"]
[Round "4"]
[White "Greet, Andrew N"]
[Black "Kapnisis, Spyridon"]
[Result "1/2-1/2"]
[WhiteElo "2447"]
[BlackElo "2464"]
[Annotator "TA"]
[PlyCount "84"]
[EventDate "2017.??.??"]
[EventCountry "SCO"]
[SourceTitle "playchess.com"]
[Source "ChessBase"]
[SourceQuality "1"]

{[%evp 19,84,5,17,-16,0,0,12,5,5,0,4,0,28,41,62,54,31,-114,-117,-114,-114,-110,-105,-118,-113,-106,-114,-125,-118,-147,-110,-143,-119,-159,-145,-124,-146,-202,-187,-182,-182,-200,-204,-182,-117,-87,-112,-141,0,-116,0,0,0,0,0,0,0,0,0,0,0,0,0,0,0,0,0]} 1. Nf3 Nf6 2. c4 e6 3. e3 d5 4. b3 Bd6 5. Bb2 O-O 6. d4 b6 7. Bd3 Bb7 8. O-O Nbd7 9. Nc3 dxc4 {E14: Queen's Indian: Classical Variation (4 e3)} 10. bxc4 e5 {LiveBook: 9 Games. Threatens to win with ...e4.} 11. Ng5 exd4 $146 ({Predecessor:} 11... Qe7 12. Nb5 h6 13. Nxd6 cxd6 14. Nh3 Rac8 {0-1 (40) Polgar,Z (2560)-Tiviakov,S (2575) Moscow 1993}) 12. exd4 h6 13. Nf3 Re8 14. Bc2 Nf8 15. Nb5 Be4 16. Ba4 Ng4 17. Nxd6 Qxd6 18. Ne5 ({But not} 18. Bxe8 $2 Bxf3 19. Bxf7+ Kh8 $19) (18. g3 $14 {stays ahead.}) 18... Nxe5 $17 19. dxe5 Qg6 $1 {[%csl Ge4][%cal Rg6g2]} 20. f3 Red8 $1 $40 {[%cal Rd8d1][%mdl 128] Black attacks with force.} 21. Qc1 Bd3 22. Rf2 Ne6 23. Bc2 Nc5 24. Rd2 Qg5 25. Qe1 Bxc4 26. Rad1 Rxd2 ({Don't do} 26... Bxa2 27. f4 $15) 27. Rxd2 Bxa2 28. Rd4 (28. Ba3 $17 {keeps fighting.} Rd8 29. f4) 28... Rd8 $1 $19 29. f4 Qe7 30. f5 Rxd4 31. Bxd4 Qg5 (31... Qd7 $19 32. Qc3 Bb3 $1 {[%mdl 512]} 33. Bxc5 Bxc2 34. Qxc2 Qc6) 32. Be3 $17 Qg4 33. Qd2 Bb3 {[#]} (33... Qh4 $17 {White must now prevent ...Bb3.} 34. f6 Bd5 $1 {[%mdl 512]} 35. fxg7 Ne4) 34. h3 {[#]} (34. e6 $1 $11 {[%mdl 512]} fxe6 35. Qd8+ Kh7 36. f6+ Bxc2 37. f7) 34... Qh5 (34... Qc4 $1 $17 {[%cal Rc4c2]} 35. Qd8+ Kh7 36. Bxb3 Qxb3 37. Bxc5 bxc5) 35. Bxb3 $11 {The position is equal.} Nxb3 36. Qd8+ Kh7 {...Qe2 is the strong threat.} 37. e6 Qe2 38. exf7 {[%csl Gf7][%cal Rd8g8]} Qxe3+ 39. Kh1 {[%csl Gf7][%cal Rd8g8]} Qe1+ 40. Kh2 {[%csl Gf7][%cal Rd8g8]} Qe5+ 41. Kh1 {[%csl Gf7][%cal Rd8g8]} Qe1+ 42. Kh2 {[%csl Gf7][%cal Rd8g8]} Qe5+ {Precision: White = 36%, Black = 64%.} 1/2-1/2

[Event "150th Dundee Grandmaster Chess"]
[Site "Dundee"]
[Date "2017.07.17"]
[Round "4"]
[White "Cramling, Pia"]
[Black "Pritchett, Craig W"]
[Result "1-0"]
[WhiteElo "2444"]
[BlackElo "2326"]
[Annotator "TA"]
[PlyCount "101"]
[EventDate "2017.??.??"]
[EventCountry "SCO"]
[SourceTitle "playchess.com"]
[Source "ChessBase"]
[SourceQuality "1"]

{[%evp 26,101,36,13,34,17,38,31,33,9,21,-6,33,32,25,0,0,0,0,0,7,0,8,0,0,-35,-22,-119,0,-25,0,0,25,0,0,0,0,0,0,0,40,18,80,76,108,73,93,99,359,272,286,272,770,626,603,629,542,385,377,343,333,335,594,344,938,891,1192,1184,1176,1156,1906,1772,29992,29993,29993,29994,29994,29995]} 1. Nf3 c5 2. c4 Nf6 3. Nc3 e6 4. g3 b6 5. Bg2 Bb7 6. O-O Be7 7. Re1 d6 8. e4 Nbd7 9. d4 cxd4 10. Nxd4 Qc7 11. Be3 a6 12. Rc1 O-O 13. h3 {A30: Symmetrical English: Double Fianchetto and Hedgehog} Rfe8 14. b3 {LiveBook: 3 Games} Bf8 {[#]} 15. Nde2 $146 {White is slightly better.} (15. g4 $5 {[%cal Rg4g5]} h6 16. f4 $14) ({Predecessor:} 15. Rc2 Rad8 16. Bc1 Qb8 17. Bb2 Qa8 18. Rce2 Ne5 19. Kh2 Qb8 {1-0 (38) Epishin,V (2640)-Ulybin,M (2545) Elista 1995}) 15... Nc5 {[%cal Rc5e4]} 16. Qc2 Rac8 17. Qb1 Qb8 18. g4 Qa8 {[%cal Rf6e4]} 19. Ng3 $1 h6 20. Bd4 Ncd7 {[%cal Bc5d7,Bd7e5,Be5g6,Bg6h4][%mdl 32]} 21. a4 Qb8 22. Qa2 Be7 23. Qe2 Bc6 24. Rb1 Ne5 25. f4 Ng6 $1 26. Be3 {[#]} (26. f5 $11 Ne5 27. Rf1) 26... Nd7 ({Black should play} 26... d5 $1 $17 {[%mdl 512]} 27. e5 {[#]} (27. cxd5 Nxf4) 27... Nxe5 $1 {[%mdl 512]} 28. cxd5 exd5 29. fxe5 Qxe5) 27. Red1 Nc5 (27... d5 $5) 28. Qd2 Bf8 29. Re1 Nh4 30. Bh1 Nd7 31. Qf2 Be7 32. Red1 Red8 33. Rf1 Bf6 (33... b5 $11 {remains equal.}) 34. Nce2 $16 Be7 35. Nd4 {Threatens to win with Nh5.} Ba8 36. Nh5 {Strongly threatening g5.} Nc5 $2 {[%mdl 8192]} (36... Rf8 $16) 37. g5 Ng6 38. f5 Rf8 $2 (38... Nxe4 39. Bxe4 Bxe4) 39. f6 gxf6 40. gxf6 Bd8 41. Bxh6 Nxe4 42. Bxe4 Bxe4 43. Rbe1 Rc5 $2 (43... d5 44. Bxf8 Qe5) 44. Ng3 {[%cal Bh5g3,Bg3e4,Be4f6][%mdl 32]} Ba8 $2 (44... Bd3 45. Bxf8 Bxf1) 45. Bxf8 $18 Nxf8 46. Qf4 {Black must now prevent Qg4+.} Qb7 47. Ne4 Nh7 48. Rf3 {White threatens Qh6 and mate.} Kh8 49. Qh6 {[%csl Gf6][%cal Rh6g7] White mates.} Bxf6 50. Nxf6 {[%csl Gf6][%cal Rh6h7]} Rg5+ 51. Kf2 {Precision: White = 50%, Black = 38%.} 1-0

[Event "150th Dundee Grandmaster Chess"]
[Site "Dundee"]
[Date "2017.07.17"]
[Round "4"]
[White "McNab, Colin A"]
[Black "Williams, Simon K"]
[Result "0-1"]
[WhiteElo "2435"]
[BlackElo "2442"]
[Annotator "TA"]
[PlyCount "66"]
[EventDate "2017.??.??"]
[EventCountry "SCO"]
[SourceTitle "playchess.com"]
[Source "ChessBase"]
[SourceQuality "1"]

{[%evp 9,66,12,16,13,12,14,14,-2,23,16,14,-17,-16,-60,-8,-20,-44,-75,-68,-70,-70,-102,-102,-93,-88,-103,-101,-97,-76,-82,-72,-291,-289,-341,-332,-341,-341,-441,-369,-380,-343,-722,-197,-544,-537,-1207,-1173,-1427,-1435,-1401,-1431,-982,-402,-29993,-29994,-29995,-29993,-29995,-29996]} 1. c4 b6 2. Nc3 Bb7 3. e4 e6 4. g3 f5 5. Bg2 Nf6 6. d3 {A10: English Opening: Unusual Replies for Black} fxe4 7. Nge2 Nc6 8. dxe4 {The position is equal.} Bc5 9. O-O O-O 10. h3 Ne5 $36 {[%mdl 2048] Black has some pressure.} 11. b3 Qe8 (11... Nh5 $15) 12. Bf4 Qh5 $146 ({Predecessor:} 12... d6) 13. Bxe5 Qxe5 14. Qd3 g5 {[%cal Bg7g5,Bg5g4][%mdl 32]} 15. Rad1 Rf7 16. Nd4 {Threatening Nf3.} g4 17. h4 Raf8 18. Qe3 Nh5 {Hoping for ...Nxg3!} 19. Na4 Be7 20. Nb2 $2 {[#]} (20. Nc2 $17 {was necessary.}) 20... c5 $19 21. Nb5 Qxb2 22. Rxd7 Bc6 ({Inferior is} 22... Qxa2 23. Rxb7 a6 24. Ra7 $16) 23. Rxa7 Bxb5 24. cxb5 Qd4 25. Qe2 $2 (25. Qxd4 cxd4 26. a3) 25... Qg7 $2 (25... Nxg3 26. Qxg4+ Rg7 27. Qxe6+ Kh8) 26. Qc4 $2 (26. e5) 26... Qe5 27. Qe2 Nxg3 28. fxg3 Rxf1+ 29. Bxf1 Qxg3+ 30. Qg2 Qxh4 (30... Qe3+ $142 31. Kh1 g3) 31. e5 {[#]} (31. Rxe7 $19 Qxe7 32. Qxg4+ Kh8 33. Qd1) 31... Bg5 {Black mates.} 32. Qe2 Qg3+ 33. Kh1 Be3 {Precision: White = 23%, Black = 61%.} 0-1

[Event "150th Dundee Grandmaster Chess"]
[Site "Dundee"]
[Date "2017.07.17"]
[Round "4"]
[White "McNab, Colin A"]
[Black "Small, Simon W"]
[Result "0-1"]
[WhiteElo "2435"]
[BlackElo "2245"]
[Annotator "TA"]
[PlyCount "66"]
[EventDate "2017.??.??"]
[EventCountry "SCO"]
[SourceTitle "playchess.com"]
[Source "ChessBase"]
[SourceQuality "1"]

{[%evp 18,66,32,-14,-10,-10,-22,-19,-29,-70,-71,-62,-78,-92,-77,-126,-118,-108,-121,-106,-72,-75,-72,-287,-293,-338,-346,-347,-333,-415,-394,-370,-357,-697,-201,-494,-486,-1152,-1145,-1277,-1355,-1285,-1308,-952,-422,-29993,-29994,-29995,-29993,-29995,-29996]} 1. c4 b6 2. Nc3 Bb7 3. e4 e6 4. g3 f5 5. Bg2 Nf6 6. d3 {A10: English Opening: Unusual Replies for Black} fxe4 7. Nge2 Nc6 8. dxe4 Bc5 9. O-O O-O 10. h3 {LiveBook: 4 Games} Ne5 11. b3 Qe8 12. Bf4 Qh5 $146 ({Predecessor:} 12... d6) 13. Bxe5 Qxe5 14. Qd3 g5 {[%cal Bg7g5,Bg5g4][%mdl 32]} 15. Rad1 Rf7 16. Nd4 {Black should prevent Nf3.} g4 17. h4 Raf8 18. Qe3 {intending Qg5+.} Nh5 {...Nxg3! is the strong threat.} 19. Na4 Be7 20. Nb2 $2 (20. Rd2 $17 {was called for.}) 20... c5 $19 21. Nb5 Qxb2 22. Rxd7 Bc6 ({Stronger than} 22... Qxa2 23. Rxb7 a6 24. Ra7 $16) 23. Rxa7 Bxb5 24. cxb5 Qd4 25. Qe2 $2 (25. Qxd4 cxd4 26. Rd7) 25... Qg7 $2 (25... Nxg3 26. Qxg4+ Rg7 27. Qxe6+ Kh8) 26. Qc4 $2 (26. Kh2) 26... Qe5 27. Qe2 {[#]} (27. Rxe7 $142 Rxe7 28. Qd3) 27... Nxg3 $1 {[%mdl 512]} 28. fxg3 Rxf1+ 29. Bxf1 Qxg3+ 30. Qg2 Qxh4 (30... Qe3+ $142 31. Kh1 g3) 31. e5 {[#]} (31. Rxe7 $19 Qxe7 32. Qxg4+ Kh8 33. Qh5) 31... Bg5 {Black mates.} 32. Qe2 Qg3+ 33. Kh1 Be3 {Precision: White = 22%, Black = 71%.} 0-1

[Event "150th Dundee Grandmaster Chess"]
[Site "Dundee"]
[Date "2017.07.18"]
[Round "5"]
[White "Kapnisis, Spyridon"]
[Black "Petr, Martin"]
[Result "0-1"]
[WhiteElo "2464"]
[BlackElo "2486"]
[Annotator "TA"]
[PlyCount "70"]
[EventDate "2017.??.??"]
[EventCountry "SCO"]
[SourceTitle "playchess.com"]
[Source "ChessBase"]
[SourceQuality "1"]

{[%evp 10,70,30,13,22,18,36,32,33,31,54,28,91,96,89,96,92,84,96,78,95,70,82,86,96,86,97,63,64,62,82,62,70,31,37,24,90,41,108,100,89,95,87,95,95,101,112,92,69,-782,-770,-916,-899,-1997,-1916,-1873,-1867,-29995,-29996,-29996,-29997,-29997,-29998]} 1. c4 e5 2. g3 Nc6 3. Bg2 d6 4. Nc3 Be6 5. d3 {[%cal Bd2d3,Bd3d4,Bd4d5][%mdl 32]} Qd7 6. e4 g6 {A25: English Opening vs King's Indian with ...Nc6 but without early d3} (6... Nd4 7. Nge2 Bg4 8. h3 Bf3 9. O-O g6 10. Bxf3 Nxf3+ 11. Kg2 Nd4 12. Nxd4 exd4 13. Ne2 Bg7 14. b4 {1-0 (36) Maletin,P (2598)-Stukopin,A (2523) Taganrog 2014}) 7. h4 h5 8. Nge2 Bg7 {White is slightly better.} 9. Nd5 f6 10. d4 $146 (10. Be3 {keeps more tension.} Nh6 11. O-O Ng4 12. Bd2 O-O 13. b4) ({Predecessor:} 10. Be3 Nh6 11. Qc1 Nf7 12. d4 exd4 13. Nxd4 Nxd4 14. Bxd4 Ne5 15. Qc3 c6 16. Nf4 {1-0 (38) McNab,C (2433)-Eggleston,D (2239) Hastings 2007}) 10... Nge7 (10... O-O-O $11 {keeps the balance.}) 11. Nxe7 $16 Nxe7 12. d5 Bf7 13. Bh3 Qd8 14. Be3 c6 15. Nc3 O-O 16. Qd2 a6 17. O-O-O cxd5 18. cxd5 b5 19. Kb1 b4 20. Ne2 a5 21. f3 f5 22. Bg5 Be8 (22... Qd7 $11) 23. f4 fxe4 (23... Qd7 $14) 24. fxe5 Bxe5 25. Nd4 {[#] Black must now prevent Ne6.} Bd7 26. Ne6 Bxe6 27. Bxe6+ Kh7 28. g4 {Threatens to win with gxh5.} b3 {...bxa2+ is the strong threat.} 29. axb3 $2 {[%mdl 8192] [#]} (29. a3 $14 Rf3 30. gxh5 gxh5 31. Rhf1 (31. Qe2 Kh8 $18)) 29... a4 $1 $19 {[%cal Ba5a4,Ba4a3][%mdl 32]} 30. b4 a3 31. gxh5 axb2 32. hxg6+ Kxg6 33. Bxe7 Ra1+ {Black mates.} 34. Kc2 Qc7+ 35. Kb3 Rf3+ {Precision: White = 55%, Black = 59%.} 0-1

[Event "150th Dundee Grandmaster Chess"]
[Site "Dundee"]
[Date "2017.07.18"]
[Round "5"]
[White "Williams, Simon K"]
[Black "Cramling, Pia"]
[Result "1/2-1/2"]
[WhiteElo "2442"]
[BlackElo "2444"]
[Annotator "TA"]
[PlyCount "75"]
[EventDate "2017.??.??"]
[EventCountry "SCO"]
[SourceTitle "playchess.com"]
[Source "ChessBase"]
[SourceQuality "1"]

{[%evp 17,75,37,33,-5,-4,-24,-37,-38,-46,-64,-21,-75,-6,-17,-25,-20,0,-4,0,-14,21,0,0,0,22,-14,70,0,5,-30,0,-30,-31,-54,-50,-56,0,-88,-110,-85,-39,-42,-38,-45,-13,-6,-11,-45,-41,-46,0,-2,0,0,0,-50,-47,-43,-41,-38]} 1. d4 Nf6 2. Nf3 e6 3. c4 d5 4. Nc3 a6 5. cxd5 exd5 6. Bg5 {D37: Queen's Gambit Declined: 5 Bf4} (6. Bf4 Bd6 7. Bg3 O-O 8. e3 Bf5 9. Qb3 Bxg3 10. hxg3 Nc6 11. Be2 Qd6 12. O-O Ne7 13. Ne5 h5 {0-1 (39) Karjakin,S (2783)-Adams,M (2761) Shamkir 2017}) 6... Be6 7. e3 Nbd7 8. Bd3 Bd6 9. O-O c6 {LiveBook: 9 Games} 10. Nd2 $146 ({Predecessor:} 10. Qc2 Qc7 11. Rfe1 h6 12. Bxf6 Nxf6 13. e4 dxe4 14. Nxe4 Nxe4 15. Bxe4 {0-1 (40) Li,D (2488)-Ni,H (2675) China 2017}) 10... Qc7 11. f4 (11. g3 {is interesting.} h6 12. Bf4 O-O 13. Ne2 Rfe8 14. Re1) 11... h6 12. Bxf6 Nxf6 13. h3 Qe7 14. Qf3 (14. f5 $11 {remains equal.} Bd7 15. e4) 14... Rd8 ({Black should play} 14... O-O-O $17) 15. Rae1 {[%cal Ba1e1,Be1e2,Be2g2,Bg2g5][%mdl 32]} O-O 16. g4 Bb8 17. Re2 Ne8 18. Rg2 f5 19. g5 hxg5 20. Rxg5 Nd6 21. Qh5 Ne4 (21... Rf6 $11) 22. Ndxe4 ({Better is} 22. Ncxe4 $14 fxe4 23. Be2) 22... dxe4 $11 23. Bc2 Rf6 24. Kh1 Bf7 25. Qh4 Rg6 26. Rfg1 {[%cal Bf1g1,Bg1g5,Bg5g6][%mdl 32]} Rdd6 (26... Bd6 $15) 27. Qf2 (27. Bb3 $11) 27... Rxg5 $17 28. Rxg5 Rf6 29. Qg2 Be6 30. Ne2 {[%cal Bc3e2,Be2g3,Bg3h5][%mdl 32]} Bd6 ({Don't play} 30... Bxa2 $6 31. b3 $14) 31. Ng3 $1 Qd7 32. Nh5 {[%cal Rg5g7]} Rf7 33. Rg6 Kf8 ({Much worse is} 33... Bxa2 34. Nf6+ Rxf6 35. Rxf6 $11) 34. Bb3 $132 {[%mdl 2048] White has counterplay} Bxb3 35. axb3 Bc7 36. Qd2 {[#] Threatens to win with Qb4+.} Bd8 37. Kh2 Kg8 38. Qg2 {Precision: White = 38%, Black = 44%.} 1/2-1/2

[Event "150th Dundee Grandmaster Chess"]
[Site "Dundee"]
[Date "2017.07.18"]
[Round "5"]
[White "Arkell, Keith C"]
[Black "McNab, Colin A"]
[Result "1/2-1/2"]
[WhiteElo "2424"]
[BlackElo "2435"]
[Annotator "TA"]
[PlyCount "138"]
[EventDate "2017.??.??"]
[EventCountry "SCO"]
[SourceTitle "playchess.com"]
[Source "ChessBase"]
[SourceQuality "1"]

{[%evp 19,138,16,16,-8,12,0,6,0,0,0,0,0,30,0,0,0,0,0,0,0,41,0,0,0,0,0,41,41,75,42,156,144,227,40,32,31,58,72,56,-8,0,0,8,0,13,0,9,0,10,0,0,0,0,0,0,0,35,27,94,35,24,0,0,0,0,0,214,204,177,20,148,158,204,227,218,211,202,185,183,8,8,8,8,8,66,66,79,73,118,0,0,0,0,0,0,0,0,0,0,0,0,0,0,0,0,0,0,0,0,0,0,0,0,0,0,0,0,0,0,0,0]} 1. d4 d6 2. g3 g6 3. Bg2 Bg7 4. Nf3 Nd7 5. c4 e5 6. Nc3 Ne7 7. O-O O-O 8. e4 exd4 9. Nxd4 Nc6 10. Nde2 a5 11. h3 {A42: Modern Defence: Averbakh Variation} (11. b3 a4 12. Rb1 axb3 13. axb3 Nc5 14. b4 Ne6 15. Be3 Ne5 16. Qb3 Ng4 17. Bd2 c5 18. Nd5 Ne5 {½-½ (33) Xiong,J (2647)-Mamedov,R (2678) Atlantic City 2016}) 11... Nc5 12. Be3 f5 13. exf5 Bxf5 14. Nd4 Nxd4 15. Bxd4 c6 $146 ({Predecessor:} 15... Bxd4 16. Qxd4 Qf6 17. Qxf6 Rxf6 18. Rfe1 Kf8 {1-0 (48) Bernasek,J (2470)-Kleissl,H (2320) Fuegen 2006}) 16. Bxg7 Kxg7 17. Qd4+ Qf6 18. Rad1 Rad8 19. Rfe1 Rf7 20. Qe3 Rdd7 21. Qd2 Rfe7 22. Rxe7+ Qxe7 23. g4 Bd3 24. Re1 (24. a3 $5 {[%cal Rb2b4]} a4 25. Bf1 Bxf1 26. Qd4+ Kg8 27. Rxf1 $11) 24... Qf7 ({Black should try} 24... Qf6 $14) 25. b3 $16 Re7 (25... Qf6 $16) 26. Nd1 $2 (26. Rxe7 $18 Qxe7 27. a3) 26... Rxe1+ $14 27. Qxe1 Qf6 28. Qxa5 Ne6 29. Qc3 (29. Qb4 $14) 29... Nf4 30. Bf1 Bxf1 31. Kxf1 Kf7 32. Qe3 g5 33. Qe4 Kg7 34. Qc2 Nxh3 35. Ne3 Qa1+ 36. Kg2 Nf4+ 37. Kh2 Qe5 38. Qf5 Ne2+ (38... h6 $11) 39. Kg2 (39. Qxe5+ $1 $16 dxe5 40. Nf5+ Kf6 41. Nd6) 39... Nd4 40. Qd3 c5 41. b4 Qf4 {aiming for ...Qf3+.} 42. Kf1 Qh2 $2 ({Don't capture} 42... cxb4 $2 43. Qxd4+ $1 {[%mdl 512]} Qxd4 44. Nf5+ Kf6 45. Nxd4 $18) (42... Kh8 $11) 43. Qe4 $1 $18 b6 44. Nd5 $2 (44. b5 $18) 44... Qh3+ (44... h6 $11) 45. Ke1 $16 {Threatening mate with Qe7+.} Nf3+ 46. Ke2 {White wants to mate with Qe7+.} Ne5 47. bxc5 $1 bxc5 48. Ne3 {Threatens to win with Qd5.} h5 {[%cal Rh5g4] [#]} 49. gxh5 $2 (49. Qb7+ $1 $18 Kg6 50. Qe4+ Kg7 51. Qb7+ Kg6 52. Qe4+ Kg7) 49... Qxh5+ $11 50. Kd2 {Strongly threatening Nf5+.} Qf7 51. Ke1 Nf3+ (51... Qg6 $11 52. Nf5+ Kf8) 52. Ke2 $14 Nd4+ 53. Kf1 Qd7 {[#]} 54. Qg4 (54. Kg2 $1 $16) 54... Qxg4 $11 {The position is equal.} 55. Nxg4 {[%mdl 4096] Endgame KN-KN} Kf7 56. Ne3 Ke6 57. Kg2 Nc6 58. Kf3 Ke5 59. Kg4 Kf6 60. Nd5+ Kg6 {And now ...Ne5+ would win.} 61. Nb6 Ne5+ 62. Kg3 Kf5 63. a4 {a5 is the strong threat.} Nc6 64. f3 Na5 65. Kf2 g4 66. fxg4+ Kxg4 67. Ke3 Kf5 68. Kd3 Ke5 69. Nd5 Kf5 {Precision: White = 44%, Black = 47%.} 1/2-1/2

[Event "150th Dundee Grandmaster Chess"]
[Site "Dundee"]
[Date "2017.07.18"]
[Round "5"]
[White "Arakhamia-Grant, Ketevan"]
[Black "Rozentalis, Eduardas"]
[Result "1/2-1/2"]
[WhiteElo "2364"]
[BlackElo "2509"]
[Annotator "TA"]
[PlyCount "92"]
[EventDate "2017.??.??"]
[EventCountry "SCO"]
[SourceTitle "playchess.com"]
[Source "ChessBase"]
[SourceQuality "1"]

{[%evp 17,92,-2,17,0,0,0,0,0,0,0,0,0,0,-20,-21,-23,-27,-47,-40,-55,-65,-60,-66,-72,25,12,29,0,4,0,0,0,0,0,0,0,0,0,0,0,0,0,1,0,35,32,150,127,99,50,48,47,40,40,49,39,50,32,44,17,58,0,3,0,0,0,0,0,-4,-14,-10,-22,0,0,8,8,22]} 1. e4 e6 2. d4 d5 3. Nc3 Bb4 4. e5 c5 5. a3 Bxc3+ 6. bxc3 Ne7 7. Qg4 Qc7 8. Bd3 c4 9. Be2 Nf5 {LiveBook: 66 Games} (9... Qa5 $5 {[%cal Ra5c3]} 10. Bd2 O-O $11) 10. Nh3 {[%cal Bg1h3,Bh3f4,Bf4h5][%mdl 32] C18: French: 3 Nc3 Bb4: Main line: 7 h4 and 7 Qg4} (10. Bd1 Nc6 11. Ne2 h5 12. Qh3 Bd7 13. Ng3 O-O-O 14. Nxf5 exf5 15. Qg3 h4 16. Qf3 Qa5 17. O-O Rde8 18. a4 f6 19. Rb1 Nd8 20. exf6 {½-½ (20) Gharamian,T (2651)-Szabo,G (2543) Cappelle-la-Grande 2015}) 10... Qa5 11. Bd2 Nc6 12. Nf4 Bd7 13. Nh5 $146 ({Predecessor:} 13. Qh3 O-O-O 14. g4 Nfe7 15. Qe3 Rdf8 16. O-O Rhg8 17. Nh5 f6 {0-1 (45) Vogt,L (2510)-Bunzmann,D (2390) Schwaebisch Gmuend 1998}) 13... O-O-O 14. Qh3 {White wants to play g4.} Rhg8 15. g4 Nfe7 16. Qe3 Rdf8 17. f4 f6 18. O-O Be8 19. exf6 gxf6 20. Kh1 Bd7 (20... Nd8 $17 21. Ng3 f5) 21. Be1 Rg6 22. Bh4 Rh6 23. f5 Rxh5 $1 24. gxh5 Nxf5 25. Rxf5 exf5 26. Bf3 Re8 27. Qd2 {[#]} f4 $1 {[%mdl 512]} 28. Qxf4 {Black must now prevent Rb1.} Qxc3 29. Rd1 $1 {With the idea Bg3.} Qe3 $132 {[%mdl 2048] Black puts up resistance} 30. Qxf6 Qxa3 {Strongly threatening ...Rf8.} 31. Bxd5 Qa5 (31... Qf8 $14) 32. Qd6 ({But not} 32. Bxc4 $6 Qxh5 33. Rd2 Qf5 $11) 32... Qc7 {[#]} 33. Qxc7+ (33. Qc5 $1 $16) 33... Kxc7 $14 34. Bg3+ Kc8 35. Bxc4 Bg4 36. Rd2 Bxh5 37. Kg2 Bg4 38. c3 a6 39. Bd5 ({White should play} 39. Rf2 $14) 39... Ne7 $11 {The position is equal.} 40. Be4 (40. Bf3 {feels hotter.} Bxf3+ 41. Kxf3 Kd7 42. Ke4 b5 43. Rf2) 40... Nf5 41. Bxf5+ Bxf5 {KRB-KRB} 42. c4 Re3 43. Rf2 Be4+ 44. Kh3 $1 Bf3 45. Kh4 Rc3 46. Kg5 h5 {Precision: White = 50%, Black = 66%.} 1/2-1/2